Some applications of behavioural research (Record no. 1334525)

MARC details
000 -LEADER
fixed length control field 00614nam a2200205Ia 4500
005 - DATE AND TIME OF LATEST TRANSACTION
control field 20250508152135.0
008 - FIXED-LENGTH DATA ELEMENTS--GENERAL INFORMATION
fixed length control field 008 250505s9999 xx 000 0 eng d
037 ## - SOURCE OF ACQUISITION
Stock number Textual
040 ## - CATALOGING SOURCE
Original cataloging agency FEDL
Language of cataloging eng
Transcribing agency FEDL
041 ## - LANGUAGE CODE
Language code of text/sound track or separate title eng
Source of code eng
084 ## - COLON CLASSIFICATION NUMBER
Classification number 301.15, LIK
Assigning agency FEDL
100 ## - MAIN ENTRY--PERSONAL NAME
Personal name Likert Rensis
245 #0 - TITLE STATEMENT
Title Some applications of behavioural research
260 ## - PUBLICATION, DISTRIBUTION, ETC.
Place of publication, distribution, etc. Paris, France
Name of publisher, distributor, etc. United Nations Educational, Scientific and Cultural Organization
Date of publication, distribution, etc. 1957
300 ## - PHYSICAL DESCRIPTION
Extent 333p.
490 ## - SERIES STATEMENT
Series statement Title in this Series
650 ## - SUBJECT ADDED ENTRY--TOPICAL TERM
Topical term or geographic name entry element Sociology
942 ## - ADDED ENTRY ELEMENTS (KOHA)
Koha item type Textual
Classification part 301.15, LIK
Holdings
Withdrawn status Lost status Damaged status Not for loan Home library Current library Date acquired Total Checkouts Full call number Barcode Date last seen Price effective from Koha item type
        Department of Education Library Department of Education Library 2025-05-08   301.15, LIK EL0016075 2025-05-08 2025-05-08 Textual
Copyright @ Delhi University Library System